000 01186 a2200229 4500
005 20180831121236.0
008 090313t xxu||||| |||| 00| 0 hin d
010 _a HIN-86363 B-287897-917
020 _a8188060399
_c200.00
035 _aHN-58709 B-287897-917, B-153051
037 _bDBAD / PUB
040 _aDPL
_bHN
082 _a
100 _aनागर, हीरालाल
245 _aअधूरी हसरतों का अंत /
_cहीरालाल नागर
246 _aAdhurii hasraton kaa anta
_bby Hiralal Nagar
260 _aनई दिल्ली
_bसुनील साहित्य सदन
_c2008
270 _a3320-21, जटवाड़ा, दरियागंज
_bनई दिल्ली
_cदिल्ली
_e110002
300 _a144पृ.
_c22सेमी (सजिल्द)
942 _adpl
_cHN
_2ddc
_mनागर
_h
999 _c12771
_d12771